<?xml version="1.0" encoding="UTF-8"?><?xml-stylesheet type="text/xsl" href="static/style.xsl"?><OAI-PMH xmlns="http://www.openarchives.org/OAI/2.0/" xmlns:xsi="http://www.w3.org/2001/XMLSchema-instance" xsi:schemaLocation="http://www.openarchives.org/OAI/2.0/ http://www.openarchives.org/OAI/2.0/OAI-PMH.xsd"><responseDate>2026-06-02T01:13:59Z</responseDate><request verb="GetRecord" identifier="oai:riuma.uma.es:10630/30778" metadataPrefix="marc">https://riuma.uma.es/rest/oai/request</request><GetRecord><record><header><identifier>oai:riuma.uma.es:10630/30778</identifier><datestamp>2026-02-06T08:43:06Z</datestamp><setSpec>com_10630_2254</setSpec><setSpec>col_10630_37953</setSpec></header><metadata><record xmlns="http://www.loc.gov/MARC21/slim" xmlns:dcterms="http://purl.org/dc/terms/" xmlns:doc="http://www.lyncode.com/xoai" xmlns:xsi="http://www.w3.org/2001/XMLSchema-instance" xsi:schemaLocation="http://www.loc.gov/MARC21/slim http://www.loc.gov/standards/marcxml/schema/MARC21slim.xsd">
   <leader>00925njm 22002777a 4500</leader>
   <datafield ind2=" " ind1=" " tag="042">
      <subfield code="a">dc</subfield>
   </datafield>
   <datafield ind2=" " ind1=" " tag="720">
      <subfield code="a">Palomo-Jiménez, José</subfield>
      <subfield code="e">author</subfield>
   </datafield>
   <datafield ind2=" " ind1=" " tag="720">
      <subfield code="a">Rodríguez-Cano, Miguel Ángel</subfield>
      <subfield code="e">author</subfield>
   </datafield>
   <datafield ind2=" " ind1=" " tag="720">
      <subfield code="a">Rodríguez-Mirasol, José</subfield>
      <subfield code="e">author</subfield>
   </datafield>
   <datafield ind2=" " ind1=" " tag="720">
      <subfield code="a">Cordero-Alcántara, Tomás</subfield>
      <subfield code="e">author</subfield>
   </datafield>
   <datafield ind2=" " ind1=" " tag="260">
      <subfield code="c">2024-02-27</subfield>
   </datafield>
   <datafield ind2=" " ind1=" " tag="520">
      <subfield code="a">The direct DME synthesis from syngas was studied by using activated carbon-based bifunctional catalytic beds. Two kinds of activated carbons, prepared by physical (by CO2 partial gasification) and chemical (with phosphoric acid) activation of olive stones, were used as supports for the preparation of the catalysts. The chemically activated carbon presented a considerable amount of thermally and chemically stable surface phosphorus complexes, which played an important role on the catalytic performance of the prepared catalysts. A Zr-loaded P-containing activated carbon presented a relatively high activity, selectivity and stability for the production of DME from methanol and was used as methanol dehydration catalyst. On the other hand, Cu-Zn was loaded on both P-containing and P-free activated carbon supports for the preparation of methanol synthesis catalysts. The presence of surface-phosphorus on the carbon support resulted in a strong metal-support interaction, hindering the catalytic activity for the hydrogenation of CO to methanol. However, the catalyst that did not contain phosphorus showed noticeable activity for this reaction. The physical mixing of the methanol synthesis and methanol dehydration catalysts resulted in the preparation of carbon-based bifunctional catalytic beds, which performed very efficiently in the direct DME synthesis from syngas in a fixed-bed reactor. Different mass ratios of the individual (metallic and acid) catalysts were studied. An acid/metallic catalyst mass ratio of 2 provided the catalytic bed with enough acid sites to promote methanol dehydration to its maximum extent and make the overall product distribution controlled by the methanol synthesis reaction on the metallic phase.</subfield>
   </datafield>
   <datafield ind1="8" ind2=" " tag="024">
      <subfield code="a">José Palomo, Miguel Ángel Rodríguez-Cano, José Rodríguez-Mirasol, Tomás Cordero, Biomass-derived activated carbon catalysts for the direct dimethyl ether synthesis from syngas, Fuel, Volume 365, 2024, 131264, ISSN 0016-2361, https://doi.org/10.1016/j.fuel.2024.131264</subfield>
   </datafield>
   <datafield ind1="8" ind2=" " tag="024">
      <subfield code="a">https://hdl.handle.net/10630/30778</subfield>
   </datafield>
   <datafield ind1="8" ind2=" " tag="024">
      <subfield code="a">10.1016/j.fuel.2024.131264</subfield>
   </datafield>
   <datafield tag="653" ind2=" " ind1=" ">
      <subfield code="a">Catalizadores</subfield>
   </datafield>
   <datafield tag="653" ind2=" " ind1=" ">
      <subfield code="a">Biomasa</subfield>
   </datafield>
   <datafield tag="653" ind2=" " ind1=" ">
      <subfield code="a">Carbón activado</subfield>
   </datafield>
   <datafield tag="653" ind2=" " ind1=" ">
      <subfield code="a">Gas de síntesis</subfield>
   </datafield>
   <datafield ind2="0" ind1="0" tag="245">
      <subfield code="a">Biomass-derived activated carbon catalysts for the direct dimethyl ether synthesis from syngas</subfield>
   </datafield>
</record>
</metadata></record></GetRecord></OAI-PMH>